Statistics for "L" Countries By Continent

Click here to take the quiz!

General Stats

  • This quiz has been taken 27 times
  • The average score is 9 of 9

Answer Stats

QuestionAnswer% Correct
LatviaEurope
100%
LesothoAfrica
96%
LiberiaAfrica
96%
LibyaAfrica
96%
LaosAsia
96%
LiechtensteinEurope
96%
LithuaniaEurope
96%
LuxembourgEurope
96%
LebanonAsia
84%

Score Distribution

Percentile by Number Answered

Percent of People with Each Score

Your Score History

You have not taken this quiz